[Event "McGill op"]
[Site "Montreal CAN"]
[Date "2014.05.04"]
[Round "4"]
[White "Chiku-Ratte, Olivier-Kenta"]
[Black "Turcotte, Jonathan"]
[Result "1/2-1/2"]
[WhiteElo "2234"]
[BlackElo "2003"]
[PlyCount "88"]
[EventDate "2014.05.02"]
[EventType "swiss"]
[EventRounds "5"]
[EventCountry "CAN"]

1. d4 d5 2. c4 c6 3. Nf3 Nf6 4. Nc3 e6 5. e3 Nbd7 6. Bd3 dxc4 7. Bxc4 b5 8. Bd3
Bb7 9. a3 b4 10. Ne4 Nxe4 11. Bxe4 bxa3 12. O-O Bd6 13. Qc2 Qc7 14. h3 Nf6 15.
Nd2 O-O 16. bxa3 Rfc8 17. Bb2 c5 18. dxc5 Nxe4 19. Nxe4 Bxc5 20. Rfc1 Qc6 21.
Qxc5 Qxe4 22. Qg5 Qg6 23. Qxg6 hxg6 24. Bd4 a5 25. f3 Bd5 26. e4 Bb3 27. Kf2 a4
28. Ke3 g5 29. Be5 f6 30. Bc7 Ra7 31. Bb6 Raa8 32. Bc7 Ra7 33. Bd6 Raa8 34. e5
Kf7 35. Kd4 f5 36. Rc7+ Rxc7 37. Bxc7 Rc8 38. Rc1 Ke8 39. Rc5 Kd7 40. Bd6 Rxc5
41. Kxc5 Ke8 42. g3 Bd5 43. f4 gxf4 44. gxf4 Kf7 1/2-1/2

[Event "Mauricie op"]
[Site "Trois-Rivieres CAN"]
[Date "2014.03.14"]
[Round "1"]
[White "Chiku-Ratte, Olivier-Kenta"]
[Black "Lemire-Paquin, Alexandre"]
[Result "1-0"]
[WhiteElo "2238"]
[BlackElo "2048"]
[PlyCount "73"]
[EventDate "2014.03.14"]
[EventType "swiss"]
[EventRounds "5"]
[EventCountry "CAN"]

1. d4 Nf6 2. c4 g6 3. Nc3 Bg7 4. e4 d6 5. f4 O-O 6. Nf3 c5 7. d5 e6 8. Be2 exd5
9. cxd5 Re8 10. Nd2 Na6 11. O-O Nc7 12. a4 Rb8 13. g4 h6 14. Bf3 a6 15. Nc4 b5
16. axb5 axb5 17. Na5 Bd7 18. e5 dxe5 19. fxe5 Rxe5 20. Bf4 Re8 21. Nc6 Bxc6
22. dxc6 Ne6 23. Qxd8 Rbxd8 24. Bg3 Nd4 25. c7 Rc8 26. Bb7 b4 27. Bxc8 Rxc8 28.
Rxf6 bxc3 29. Rb6 cxb2 30. Rb1 Ne2+ 31. Kg2 c4 32. Rb8 c3 33. Rxc8+ Kh7 34.
Rh8+ Bxh8 35. c8=Q Nc1 36. Be1 Na2 37. Qc4 1-0

[Event "Mauricie op"]
[Site "Trois-Rivieres CAN"]
[Date "2014.03.15"]
[Round "2"]
[White "Libersan, Thierry"]
[Black "Chiku-Ratte, Olivier-Kenta"]
[Result "1-0"]
[WhiteElo "2167"]
[BlackElo "2238"]
[PlyCount "55"]
[EventDate "2014.03.14"]
[EventType "swiss"]
[EventRounds "5"]
[EventCountry "CAN"]

1. c4 Nf6 2. Nf3 c5 3. g3 g6 4. Bg2 Bg7 5. O-O O-O 6. Nc3 Nc6 7. Rb1 d6 8. a3
a5 9. d3 e5 10. Ne1 Be6 11. Nc2 Qd7 12. b4 cxb4 13. axb4 Bh3 14. bxa5 Bxg2 15.
Kxg2 d5 16. cxd5 Nxd5 17. Nxd5 Qxd5+ 18. e4 Qd7 19. Ne3 Rxa5 20. Nd5 Rd8 21.
Be3 Rb8 22. Rb6 Rxd5 23. exd5 Qxd5+ 24. Qf3 Qxd3 25. Qxc6 bxc6 26. Rxb8+ Bf8
27. Bh6 Qd5+ 28. Kg1 1-0

[Event "Quebec-ch U20"]
[Site "Montreal CAN"]
[Date "2014.02.07"]
[Round "1"]
[White "Ouellet, Maili-Jade"]
[Black "Chiku-Ratte, Olivier-Kenta"]
[Result "0-1"]
[WhiteElo "1682"]
[BlackElo "2242"]
[PlyCount "156"]
[EventDate "2014.02.07"]
[EventType "swiss"]
[EventRounds "5"]
[EventCountry "CAN"]

1. d4 Nf6 2. c4 c5 3. d5 e6 4. Nc3 exd5 5. cxd5 d6 6. e4 g6 7. f4 Bg7 8. Nf3
O-O 9. Be2 Bg4 10. O-O Re8 11. h3 Bxf3 12. Bxf3 Nfd7 13. Qd3 Na6 14. a3 Rc8 15.
Be3 c4 16. Qc2 Nac5 17. Rad1 a6 18. a4 Nd3 19. g3 N7c5 20. Bxc5 Nxc5 21. Rfe1
Nd3 22. Re2 h5 23. Rb1 h4 24. Bg4 Rc7 25. Kg2 hxg3 26. Kxg3 Qf6 27. Rf1 Bh6 28.
f5 Qe5+ 29. Kf3 Bg5 30. Rh2 Bh4 31. Rg2 g5 32. Qd2 b5 33. axb5 axb5 34. Qe3
Rce7 35. Nxb5 Qxe4+ 36. Qxe4 Rxe4 37. Rd2 Ne1+ 38. Rxe1 Rxe1 39. Nxd6 R8e3+ 40.
Kg2 Rg3+ 41. Kh2 Rd3 42. Nxc4 Rxd2+ 43. Nxd2 Re5 44. d6 Rd5 45. Ne4 Rd4 46. d7
f6 47. Bh5 Kf8 48. Nc5 Rd2+ 49. Kh1 Ke7 50. Be8 Bf2 51. b4 Bxc5 52. bxc5 Rc2
53. c6 Kd8 54. Bf7 Rxc6 55. Be6 Rc3 56. Kg2 Rd3 57. Kh2 Ke7 58. Kg2 Kf8 59. Kf2
Kg7 60. Ke2 Rd6 61. Kf3 Kh6 62. Kg3 Rd4 63. Bc4 Rxd7 64. Be2 Rd4 65. Bg4 Kg7
66. Kf3 Kf7 67. Ke3 Rf4 68. Kd3 Ke7 69. Ke3 Kd6 70. Kd3 Ke5 71. Ke3 Ra4 72. Kf3
Ra3+ 73. Ke2 Kf4 74. Kf2 Rg3 75. Be2 Rxh3 76. Bf1 Rh2+ 77. Kg1 Rb2 78. Bd3 g4
0-1

[Event "Quebec-ch U20"]
[Site "Montreal CAN"]
[Date "2014.02.08"]
[Round "2"]
[White "Chiku-Ratte, Olivier-Kenta"]
[Black "Leung, Chin"]
[Result "1-0"]
[WhiteElo "2242"]
[BlackElo "1874"]
[PlyCount "93"]
[EventDate "2014.02.07"]
[EventType "swiss"]
[EventRounds "5"]
[EventCountry "CAN"]

1. d4 Nf6 2. c4 g6 3. Nc3 d5 4. cxd5 Nxd5 5. Bd2 Bg7 6. e4 Nb6 7. Be3 c6 8.
Nge2 O-O 9. g3 Bg4 10. Bg2 Nc4 11. Bc1 Bxe2 12. Nxe2 Qa5+ 13. Bd2 Qb5 14. Rb1
Nxd2 15. Qxd2 Rd8 16. O-O Na6 17. Rfd1 Rd7 18. Qe3 Rad8 19. a3 Qb6 20. e5 e6
21. b4 Nc7 22. a4 Nd5 23. Qb3 a5 24. bxa5 Qa6 25. Bxd5 Qxe2 26. Bc4 Qg4 27. Bf1
Rxd4 28. Rxd4 Qxd4 29. Qxb7 Bxe5 30. Qxc6 Bb8 31. Qb6 Ba7 32. Qxd4 Bxd4 33. a6
Ra8 34. Kg2 Kf8 35. f4 f6 36. Kf3 Ra7 37. Ke4 e5 38. Kd5 Ke8 39. Kc6 Kd8 40.
Rb8+ Ke7 41. Rb7+ Kd8 42. Rxa7 Bxa7 43. Kb7 e4 44. Kxa7 Kc7 45. Be2 f5 46. h4
h5 47. a5 1-0

[Event "Quebec-ch U20"]
[Site "Montreal CAN"]
[Date "2014.02.08"]
[Round "3"]
[White "Nikulich, Oleksandr"]
[Black "Chiku-Ratte, Olivier-Kenta"]
[Result "0-1"]
[WhiteElo "2056"]
[BlackElo "2242"]
[PlyCount "132"]
[EventDate "2014.02.07"]
[EventType "swiss"]
[EventRounds "5"]
[EventCountry "CAN"]

1. e4 c5 2. Ne2 d6 3. g3 Nf6 4. Bg2 g6 5. O-O Bg7 6. c3 O-O 7. d4 cxd4 8. cxd4
d5 9. e5 Ne8 10. Nbc3 Nc7 11. Nf4 e6 12. h4 f6 13. exf6 Qxf6 14. Be3 Nc6 15.
Nfe2 Ne8 16. Qb3 Nd6 17. Rad1 Kh8 18. Rd3 Qe7 19. Bg5 Qd7 20. Qd1 b6 21. b3 Ba6
22. Rd2 Rac8 23. Re1 Nf5 24. Bh3 Ncxd4 25. Nxd4 Bxd4 26. Rxd4 Rxc3 27. Bxf5
gxf5 28. Ra4 Bb5 29. Qd4+ Qg7 30. Qxg7+ Kxg7 31. Rxa7+ Kg6 32. Rxe6+ Kh5 33.
Rxb6 Be2 34. Ra4 f4 35. Bxf4 Rd3 36. Be3 d4 37. Rxd4 Rxd4 38. Bxd4 Kg4 39. Kh2
Kf5 40. Rb4 Rc8 41. Kg2 Ke4 42. Be3+ Kd3 43. Rd4+ Kc3 44. Rd2 Bd3 45. Kf3 Re8
46. Rd1 Ra8 47. a4 Rb8 48. b4 Rf8+ 49. Kg4 Be2+ 50. Kg5 Bxd1 51. b5 Bxa4 52. b6
Bc2 53. Kh6 Kc4 54. h5 Kd5 55. Kg7 Rb8 56. Kf6 Bd1 57. h6 Rb7 58. Kf5 Rf7+ 59.
Kg5 Ke4 60. g4 Bb3 61. Kh4 Kf3 62. g5 Bc2 63. Bc5 Bf5 64. Be3 Re7 65. g6 Bxg6
66. Kg5 Rf7 0-1

[Event "Quebec-ch U20"]
[Site "Montreal CAN"]
[Date "2014.02.09"]
[Round "4"]
[White "Chiku-Ratte, Olivier-Kenta"]
[Black "Yu, Zong Yang"]
[Result "0-1"]
[WhiteElo "2242"]
[BlackElo "2220"]
[PlyCount "112"]
[EventDate "2014.02.07"]
[EventType "swiss"]
[EventRounds "5"]
[EventCountry "CAN"]

1. d4 Nf6 2. c4 e6 3. Nf3 d5 4. cxd5 exd5 5. Nc3 c6 6. Qc2 Be7 7. h3 O-O 8. Bf4
Re8 9. e3 Nbd7 10. Bd3 Nf8 11. O-O Ng6 12. Bh2 Bd6 13. Bxd6 Qxd6 14. Rab1 a5
15. a3 Qe7 16. Na4 Ne4 17. Nb6 Rb8 18. Nxc8 Rbxc8 19. b4 axb4 20. axb4 b5 21.
Bxe4 dxe4 22. Nd2 f5 23. Rfe1 Qd6 24. Qc5 Qxc5 25. bxc5 Ne7 26. Ra1 Ra8 27. Nb3
Kf7 28. Kf1 Ke6 29. Ke2 Ra4 30. Kd2 Rea8 31. Rxa4 Rxa4 32. Ra1 Rxa1 33. Nxa1 g5
34. g3 h5 35. Nc2 Nd5 36. h4 gxh4 37. gxh4 Kd7 38. Ne1 Ne7 39. f3 Ng6 40. fxe4
fxe4 41. Ng2 Ke6 42. Kc3 Kf5 43. d5 cxd5 44. Kb4 Ne7 45. Kxb5 Kg4 46. c6 Kf3
47. Nf4 d4 48. c7 dxe3 49. Nd5 Nc8 50. Nb6 e2 51. Nxc8 e1=Q 52. Nd6 Qc3 53. Nc4
Qb3+ 54. Kc5 Qb7 55. Kd6 Qa6+ 56. Ke5 e3 0-1

[Event "Quebec-ch U20"]
[Site "Montreal CAN"]
[Date "2014.02.09"]
[Round "5"]
[White "Wang, Kelly"]
[Black "Chiku-Ratte, Olivier-Kenta"]
[Result "0-1"]
[WhiteElo "1685"]
[BlackElo "2242"]
[PlyCount "44"]
[EventDate "2014.02.07"]
[EventType "swiss"]
[EventRounds "5"]
[EventCountry "CAN"]

1. e4 c5 2. Nf3 d6 3. d4 cxd4 4. Nxd4 Nf6 5. Nc3 g6 6. f3 Bg7 7. Be3 Nc6 8. Qd2
O-O 9. Bc4 Bd7 10. h4 h5 11. O-O-O Rc8 12. Bb3 Ne5 13. Kb1 Re8 14. Bg5 Rc5 15.
g4 hxg4 16. h5 Nxh5 17. Rxh5 gxh5 18. Bh6 e6 19. Rh1 Qf6 20. Rxh5 Nxf3 21. Nxf3
Rxh5 22. Bxg7 Qxf3 0-1

[Event "Carnaval"]
[Site "Quebec CAN"]
[Date "2014.01.25"]
[Round "2"]
[White "Hamilton, Robert"]
[Black "Chiku-Ratte, Olivier-Kenta"]
[Result "0-1"]
[WhiteElo "2261"]
[BlackElo "2218"]
[PlyCount "82"]
[EventDate "2014.01.24"]
[EventType "swiss"]
[EventRounds "5"]
[EventCountry "CAN"]

1. d4 Nf6 2. c4 c5 3. Nf3 cxd4 4. Nxd4 g6 5. Nc3 Bg7 6. e4 d6 7. Be2 O-O 8. O-O
Nc6 9. Nc2 Nd7 10. Be3 Bxc3 11. bxc3 b6 12. Nb4 Bb7 13. f3 Na5 14. Bh6 Re8 15.
Qd4 f6 16. f4 Nc5 17. Nd5 Nc6 18. Qe3 e6 19. Nb4 Nxb4 20. cxb4 Nxe4 21. Rad1
Qe7 22. Rd4 d5 23. f5 e5 24. Rxd5 Bxd5 25. cxd5 gxf5 26. Rxf5 Nd6 27. Rh5 Kh8
28. Bg4 Qf7 29. Qh3 Qg6 30. Be6 Qb1+ 31. Kf2 Qc2+ 32. Ke1 Qb1+ 33. Kf2 Qxa2+
34. Kf1 Qb1+ 35. Kf2 Qc2+ 36. Ke1 a5 37. Bd2 Nc4 38. Qc3 Qe4+ 39. Kf2 axb4 40.
Qxb4 Ra2 41. Bf5 Qe3+ 0-1

[Event "Carnaval"]
[Site "Quebec CAN"]
[Date "2014.01.25"]
[Round "3"]
[White "Sambuev, Bator"]
[Black "Chiku-Ratte, Olivier-Kenta"]
[Result "1-0"]
[WhiteElo "2590"]
[BlackElo "2216"]
[PlyCount "81"]
[EventDate "2014.01.24"]
[EventType "swiss"]
[EventRounds "5"]
[EventCountry "CAN"]
[TimeControl "900+10"]

1. d4 Nf6 2. Nf3 c5 3. e3 b6 4. Bd3 Bb7 5. O-O g6 6. c4 Bg7 7. d5 O-O 8. Nc3 d6
9. e4 e6 10. h3 exd5 11. exd5 a6 12. a4 Nbd7 13. Bf4 Qc7 14. Bh2 Rfe8 15. Nd2
Ne5 16. Bc2 Re7 17. f4 Ned7 18. Nf3 Rae8 19. f5 Bh6 20. Kh1 Be3 21. fxg6 hxg6
22. Qe1 Nh5 23. Qh4 Ng7 24. Rae1 Bc8 25. Rxe3 Rxe3 26. Ng5 Nf8 27. Rxf7 Qxf7
28. Nxf7 Kxf7 29. Ne4 Nf5 30. Nxd6+ Nxd6 31. Bxd6 Re2 32. Qf4+ Kg8 33. Bd3 R2e3
34. Bxf8 Rxd3 35. Qf6 Rd1+ 36. Kh2 Rxf8 37. Qxg6+ Kh8 38. Qh5+ Kg7 39. Qxd1 Rf7
40. Qb3 Rf6 41. Qg3+ 1-0

[Event "Carnaval"]
[Site "Quebec CAN"]
[Date "2014.01.25"]
[Round "4"]
[White "Chiku-Ratte, Olivier-Kenta"]
[Black "Bolduc, Steve"]
[Result "1-0"]
[WhiteElo "2218"]
[BlackElo "2173"]
[PlyCount "49"]
[EventDate "2014.01.24"]
[EventType "swiss"]
[EventRounds "5"]
[EventCountry "CAN"]

1. d4 Nf6 2. c4 c6 3. Nf3 d5 4. Nc3 a6 5. c5 g6 6. h3 Bg7 7. Bf4 O-O 8. e3 Nfd7
9. Be2 f6 10. O-O e5 11. Bh2 Re8 12. e4 exd4 13. Nxd4 Nxc5 14. exd5 cxd5 15.
Bf3 Ne4 16. Bxe4 dxe4 17. Qb3+ Kh8 18. Rad1 Nd7 19. Ne6 Qe7 20. Nc7 Ne5 21.
Bxe5 Qxe5 22. Nxe8 Qxe8 23. Nxe4 Be6 24. Qxb7 Rb8 25. Qxa6 1-0

[Event "Carnaval"]
[Site "Quebec CAN"]
[Date "2014.01.26"]
[Round "5"]
[White "Lawson, Eric"]
[Black "Chiku-Ratte, Olivier-Kenta"]
[Result "1-0"]
[WhiteElo "2381"]
[BlackElo "2216"]
[PlyCount "68"]
[EventDate "2014.01.24"]
[EventType "swiss"]
[EventRounds "5"]
[EventCountry "CAN"]
[TimeControl "900+10"]

1. d4 Nf6 2. Bg5 c5 3. d5 Ne4 4. Bf4 Qb6 5. Bc1 e6 6. f3 Nf6 7. c4 exd5 8. cxd5
c4 9. e3 Bc5 10. Kf2 O-O 11. Bxc4 Re8 12. Qb3 Qd8 13. Ne2 d6 14. Rd1 Nbd7 15.
Nd4 a6 16. a4 Ne5 17. Be2 b6 18. Nc3 Bb7 19. Kg1 Nfd7 20. Kh1 Rc8 21. e4 Qf6
22. Be3 h5 23. Na2 Ng6 24. Nb4 a5 25. Bb5 Nge5 26. Nbc6 Bxd4 27. Bxd4 Nc5 28.
Bxc5 dxc5 29. Na7 Red8 30. Nxc8 Bxc8 31. d6 Be6 32. Qe3 g5 33. d7 Bxd7 34. Rd6
Be6 1-0

[Event "Quebec-ch U16"]
[Site "Montreal CAN"]
[Date "2014.01.17"]
[Round "1"]
[White "Shi, Ling Yun"]
[Black "Chiku-Ratte, Olivier-Kenta"]
[Result "0-1"]
[WhiteElo "1813"]
[BlackElo "2218"]
[PlyCount "122"]
[EventDate "2014.01.17"]
[EventType "tourn"]
[EventRounds "4"]
[EventCountry "CAN"]

1. e4 c5 2. Nf3 d6 3. Bb5+ Bd7 4. Bxd7+ Qxd7 5. O-O Nc6 6. Re1 Nf6 7. c3 e6 8.
a3 Be7 9. d4 cxd4 10. cxd4 d5 11. e5 Ne4 12. Nbd2 Nxd2 13. Bxd2 O-O 14. Bg5
Bxg5 15. Nxg5 h6 16. Nh3 Rfc8 17. Re3 Ne7 18. Rc1 Rxc1 19. Qxc1 Nf5 20. Rd3 Qb5
21. Qc2 Qc4 22. Qc3 Qxc3 23. Rxc3 Nxd4 24. Rc7 Rb8 25. Nf4 a5 26. Kf1 b6 27.
Ne2 Nb5 28. Rc6 a4 29. Nc3 Nd4 30. Rc7 b5 31. Ke1 b4 32. Nxa4 bxa3 33. bxa3 Nb5
34. Rc1 Nxa3 35. Ke2 Rb4 36. Nc5 Nc4 37. Nd3 Ra4 38. f4 Ra2+ 39. Kf3 Nd2+ 40.
Ke3 Ne4 41. Rg1 Ra3 42. Ke2 h5 43. Rf1 Ra2+ 44. Ke3 Rxg2 45. Rh1 h4 46. Ne1 Ra2
47. Nf3 h3 48. Rc1 Kh7 49. Rg1 Rg2 50. Rxg2 hxg2 51. Ng1 Kg6 52. Kf3 Kf5 53.
Ne2 g1=Q 54. Nxg1 g5 55. Ne2 gxf4 56. Nxf4 Nd2+ 57. Kg3 Nf1+ 58. Kf3 Nxh2+ 59.
Kg3 Nf1+ 60. Kf3 Nd2+ 61. Kg3 Kxe5 0-1

[Event "Quebec-ch U16"]
[Site "Montreal CAN"]
[Date "2014.01.18"]
[Round "2"]
[White "Chiku-Ratte, Olivier-Kenta"]
[Black "Zhu, Hong Rui"]
[Result "1-0"]
[WhiteElo "2218"]
[BlackElo "2135"]
[PlyCount "81"]
[EventDate "2014.01.17"]
[EventType "tourn"]
[EventRounds "4"]
[EventCountry "CAN"]

1. d4 d5 2. c4 e6 3. Nc3 Nf6 4. cxd5 exd5 5. Bg5 Be7 6. e3 O-O 7. Bd3 c6 8. Qc2
Nbd7 9. Nge2 Re8 10. O-O Nf8 11. f3 Ng6 12. e4 dxe4 13. fxe4 Bg4 14. Be3 Be6
15. h3 Qd7 16. Ng3 Rad8 17. Rad1 Qc7 18. e5 Nd5 19. Nxd5 Bxd5 20. Nf5 Bf8 21.
h4 h6 22. h5 Ne7 23. Nd6 Rxd6 24. exd6 Qxd6 25. Bf4 Qb4 26. Qc3 Qb6 27. Bd6 Nc8
28. Bc5 Qd8 29. Rfe1 Qg5 30. Bf1 Rd8 31. Re5 Qh4 32. Rde1 Bxc5 33. dxc5 Be6 34.
R1e4 Qf6 35. Bc4 Rd1+ 36. Re1 Rxe1+ 37. Qxe1 Bxc4 38. Re8+ Kh7 39. Qe4+ g6 40.
hxg6+ Qxg6 41. Qxc4 1-0

[Event "Quebec-ch U16"]
[Site "Montreal CAN"]
[Date "2014.01.18"]
[Round "3"]
[White "Yu, Zong Yang"]
[Black "Chiku-Ratte, Olivier-Kenta"]
[Result "1-0"]
[WhiteElo "2204"]
[BlackElo "2218"]
[PlyCount "109"]
[EventDate "2014.01.17"]
[EventType "tourn"]
[EventRounds "4"]
[EventCountry "CAN"]

1. d4 Nf6 2. c4 c5 3. Nf3 cxd4 4. Nxd4 g6 5. Nc3 Bg7 6. e4 d6 7. Be2 O-O 8. O-O
Nc6 9. Be3 Nxd4 10. Bxd4 Bd7 11. f3 Bc6 12. Qd2 a5 13. b3 Nd7 14. Be3 Nc5 15.
Rab1 Qb6 16. Rfc1 Rfc8 17. Rc2 Qd8 18. a3 Be5 19. Bf1 h5 20. g3 Kh7 21. Bg2 Qf8
22. Nd5 Nd7 23. Bg5 Bxd5 24. exd5 Bf6 25. h4 Rc7 26. Re1 Nc5 27. Bxf6 exf6 28.
Rc3 Rcc8 29. g4 hxg4 30. fxg4 Re8 31. Rce3 Nd7 32. h5 Rxe3 33. Rxe3 Ne5 34. Rh3
Kg8 35. Qf4 Qe7 36. Re3 Rc8 37. Bf1 Kg7 38. Be2 Re8 39. Kf1 Qd8 40. Rh3 Rh8 41.
Qe3 Qc8 42. Qf4 Rh6 43. b4 axb4 44. axb4 Qa8 45. Qc1 Qc8 46. Qf4 gxh5 47. Rxh5
Rxh5 48. gxh5 Qh3+ 49. Kf2 Nd3+ 50. Bxd3 Qxd3 51. Qg3+ Qxg3+ 52. Kxg3 f5 53. c5
dxc5 54. bxc5 Kf6 55. c6 1-0

[Event "Quebec-ch U16"]
[Site "Montreal CAN"]
[Date "2014.01.19"]
[Round "4"]
[White "Chiku-Ratte, Olivier-Kenta"]
[Black "Luo, Wei Han"]
[Result "1-0"]
[WhiteElo "2218"]
[BlackElo "1241"]
[PlyCount "57"]
[EventDate "2014.01.17"]
[EventType "tourn"]
[EventRounds "4"]
[EventCountry "CAN"]

1. d4 Nf6 2. c4 e6 3. Nf3 Bb4+ 4. Bd2 Bxd2+ 5. Qxd2 d5 6. e3 O-O 7. Bd3 c6 8.
O-O Nbd7 9. Nc3 Qc7 10. Rfc1 Rd8 11. cxd5 exd5 12. b4 a6 13. a4 Nf8 14. Ne5 Be6
15. f4 Ng4 16. Nf3 f5 17. Ne5 Nxe5 18. fxe5 Ng6 19. Qc2 Rf8 20. Rf1 Qf7 21. Ne2
Qe7 22. Qc5 Bd7 23. Nf4 Nxf4 24. Qxe7 Nxd3 25. Qxd7 Nxb4 26. e6 g6 27. e7 Rfe8
28. Rab1 a5 29. g4 1-0

[Event "Quebec-ch U16"]
[Site "Montreal CAN"]
[Date "2014.01.19"]
[Round "5"]
[White "Harris, Gabriel"]
[Black "Chiku-Ratte, Olivier-Kenta"]
[Result "0-1"]
[WhiteElo "1128"]
[BlackElo "2218"]
[PlyCount "90"]
[EventDate "2014.01.17"]
[EventType "tourn"]
[EventRounds "4"]
[EventCountry "CAN"]

1. e4 c5 2. Nf3 d6 3. g3 Nc6 4. Bg2 g6 5. O-O Bg7 6. d3 Nf6 7. Bf4 Nh5 8. Bc1
O-O 9. Nc3 Bg4 10. h3 Bxf3 11. Bxf3 Nf6 12. Be3 Nd7 13. Qd2 Nd4 14. Bg2 Rb8 15.
Rfb1 b5 16. Ne2 Nxe2+ 17. Qxe2 b4 18. Qd2 Re8 19. Bh6 Bh8 20. Be3 Nb6 21. c3 a5
22. a3 bxc3 23. bxc3 Qc7 24. Qc2 Nd7 25. Bd2 c4 26. d4 e5 27. Be3 exd4 28. Bxd4
Bxd4 29. cxd4 c3 30. Rc1 Rec8 31. Rab1 Rb2 32. Qd3 Rxb1 33. Rxb1 c2 34. Rc1 Qb6
35. Kf1 Qb2 36. Qe3 Nb6 37. e5 Nc4 38. Qf4 dxe5 39. dxe5 Nxe5 40. Ke2 Qb5+ 41.
Kd2 Rd8+ 42. Kxc2 Qd3+ 43. Kb2 Rb8+ 44. Ka2 Qb3+ 45. Ka1 Qxa3# 0-1

[Event "Pere Noel"]
[Site "Montreal CAN"]
[Date "2013.12.26"]
[Round "1"]
[White "Langlois-Remillard, Alexis"]
[Black "Chiku-Ratte, Olivier-Kenta"]
[Result "0-1"]
[WhiteElo "1919"]
[BlackElo "2260"]
[PlyCount "52"]
[EventDate "2013.12.26"]
[EventType "swiss"]
[EventRounds "5"]
[EventCountry "CAN"]

1. g3 Nf6 2. Bg2 c5 3. Nf3 g6 4. c3 Bg7 5. O-O d6 6. d4 Nbd7 7. Re1 O-O 8. e4
cxd4 9. Nxd4 Ne5 10. f4 Nc6 11. Nxc6 bxc6 12. e5 Ng4 13. h3 Nh6 14. Qb3 Be6 15.
Qb7 dxe5 16. fxe5 Qd3 17. Be3 Bd5 18. Bxd5 cxd5 19. Na3 Rfb8 20. Qc6 e6 21.
Rad1 Qf5 22. Kg2 Rxb2+ 23. Bd2 Rab8 24. Qc7 Qd3 25. Qxb8+ Rxb8 26. Bxh6 Rb2+
0-1

[Event "Pere Noel"]
[Site "Montreal CAN"]
[Date "2013.12.27"]
[Round "2"]
[White "Chiku-Ratte, Olivier-Kenta"]
[Black "Tremblay, Alain"]
[Result "1-0"]
[WhiteElo "2260"]
[BlackElo "2084"]
[PlyCount "111"]
[EventDate "2013.12.26"]
[EventType "swiss"]
[EventRounds "5"]
[EventCountry "CAN"]

1. d4 e6 2. c4 d5 3. Nc3 c6 4. e4 dxe4 5. Nxe4 Bb4+ 6. Bd2 Qxd4 7. Bxb4 Qxe4+
8. Ne2 Nd7 9. Qd6 Qe5 10. Qd2 Ngf6 11. Bd6 Ne4 12. Bxe5 Nxd2 13. Bxg7 Rg8 14.
Kxd2 Rxg7 15. Kc3 Nc5 16. Ng3 a5 17. Bd3 Bd7 18. Nh5 Rg5 19. Nf6+ Ke7 20. Ne4
Nxe4+ 21. Bxe4 f5 22. Bf3 Be8 23. h4 Rg8 24. Rhe1 Bf7 25. Rad1 Rgd8 26. Rd4 Kf6
27. Red1 Rxd4 28. Kxd4 b6 29. Ke3 Be8 30. Be2 Rc8 31. Rd3 Rb8 32. Rb3 Bd7 33.
c5 b5 34. Rd3 Rb7 35. Rd6 Be8 36. Bf3 Rc7 37. Kf4 Bd7 38. Bh5 Rb7 39. f3 b4 40.
g4 fxg4 41. fxg4 Ke7 42. Ke5 Rb5 43. Kd4 Rb8 44. g5 Rf8 45. Ke3 Rf5 46. Rd4
Rxc5 47. Rf4 Rf5 48. Rxf5 exf5 49. Kf4 Kd6 50. g6 hxg6 51. Bxg6 c5 52. h5 c4
53. h6 c3 54. bxc3 bxc3 55. Ke3 c2 56. Kd2 1-0

[Event "Pere Noel"]
[Site "Montreal CAN"]
[Date "2013.12.28"]
[Round "3"]
[White "Prahov, Valentin"]
[Black "Chiku-Ratte, Olivier-Kenta"]
[Result "1-0"]
[WhiteElo "2205"]
[BlackElo "2260"]
[PlyCount "70"]
[EventDate "2013.12.26"]
[EventType "swiss"]
[EventRounds "5"]
[EventCountry "CAN"]

1. e4 c5 2. d4 cxd4 3. c3 Nf6 4. e5 Nd5 5. cxd4 d6 6. Nf3 Nc6 7. Bc4 Nb6 8. Bb5
d5 9. Nc3 Bg4 10. h3 Bd7 11. Bg5 h6 12. Bf4 e6 13. Rc1 Be7 14. O-O O-O 15. Bd3
Na5 16. Re1 Rc8 17. Bb1 h5 18. Qd3 g6 19. Bh6 Nac4 20. Bxf8 Qxf8 21. b3 Na3 22.
Ne2 Bb5 23. Rxc8 Qxc8 24. Qd2 Bxe2 25. Qxe2 Qc3 26. Bd3 Nd7 27. Qd2 Qxd2 28.
Nxd2 Bb4 29. Rd1 Bc3 30. Nb1 Nxb1 31. Bxb1 Kf8 32. Kf1 b5 33. Ke2 b4 34. Ke3
Ke7 35. Bd3 Nb6 1-0

[Event "Pere Noel"]
[Site "Montreal CAN"]
[Date "2013.12.29"]
[Round "4"]
[White "Chiku-Ratte, Olivier-Kenta"]
[Black "Yu, Zong Yang"]
[Result "0-1"]
[WhiteElo "2260"]
[BlackElo "2112"]
[PlyCount "72"]
[EventDate "2013.12.26"]
[EventType "swiss"]
[EventRounds "5"]
[EventCountry "CAN"]

1. d4 Nf6 2. c4 e6 3. Nf3 Bb4+ 4. Bd2 c5 5. Bxb4 cxb4 6. e3 O-O 7. Bd3 d6 8.
O-O Qe7 9. Nbd2 a5 10. Qc2 b6 11. Ne4 Nbd7 12. Ng3 g6 13. e4 e5 14. Rae1 Bb7
15. Qd2 Rfe8 16. Nh4 Kh8 17. d5 Nc5 18. Bc2 Nfd7 19. Qh6 Qf8 20. Qe3 Ba6 21. b3
b5 22. f4 Qh6 23. Nhf5 gxf5 24. Nxf5 Qg6 25. Qh3 bxc4 26. Rf3 exf4 27. Rxf4 Ne5
28. Re3 cxb3 29. axb3 Rg8 30. Rh4 f6 31. Nh6 Bc8 32. g4 Rg7 33. Rg3 Qg5 34. Bd1
Nxe4 35. Rh5 Qd2 36. Qf1 Ba6 0-1

[Event "Pere Noel"]
[Site "Montreal CAN"]
[Date "2013.12.30"]
[Round "5"]
[White "Gueorguiev, Valentin"]
[Black "Chiku-Ratte, Olivier-Kenta"]
[Result "1/2-1/2"]
[WhiteElo "1848"]
[BlackElo "2260"]
[PlyCount "68"]
[EventDate "2013.12.26"]
[EventType "swiss"]
[EventRounds "5"]
[EventCountry "CAN"]

1. c4 c5 2. g3 Nf6 3. Bg2 g6 4. b3 Bg7 5. Bb2 O-O 6. e3 Nc6 7. Ne2 d6 8. O-O
Bf5 9. Nbc3 Qd7 10. Nf4 Nb4 11. a3 Nd3 12. Nxd3 Bxd3 13. Re1 Bf5 14. e4 Bh3 15.
Nd5 Bxg2 16. Nxf6+ Bxf6 17. Bxf6 Bxe4 18. Bxe7 Qxe7 19. d3 f5 20. dxe4 fxe4 21.
Qd5+ Kh8 22. Qxe4 Qf7 23. f4 Rae8 24. Qd3 Qf6 25. Rad1 Re6 26. Rxe6 Qxe6 27.
Qxd6 Qe3+ 28. Kg2 Qe2+ 29. Kh3 Rf5 30. Qd8+ Kg7 31. Rd7+ Kh6 32. Rd5 Qf1+ 33.
Kg4 Qe2+ 34. Kh3 Qf1+ 1/2-1/2

[Event "Varennes"]
[Site "Varennes CAN"]
[Date "2013.11.08"]
[Round "1"]
[White "Forget, Luc"]
[Black "Chiku-Ratte, Olivier-Kenta"]
[Result "0-1"]
[WhiteElo "2030"]
[BlackElo "2236"]
[PlyCount "66"]
[EventDate "2013.11.08"]
[EventType "swiss"]
[EventRounds "5"]
[EventCountry "CAN"]

1. d4 Nf6 2. c4 c5 3. d5 e6 4. Nc3 exd5 5. cxd5 d6 6. Nf3 g6 7. e4 Bg7 8. Be2
O-O 9. O-O Re8 10. Nd2 a6 11. a4 Nbd7 12. Nc4 Nxe4 13. Nxe4 Rxe4 14. Nxd6 Rd4
15. Qc2 Nb6 16. Nxc8 Rxc8 17. Bf3 Nxd5 18. Bd2 Qb6 19. Bc3 Nb4 20. Qe2 Rdd8 21.
Rad1 Bd4 22. Qc4 Nc6 23. Bxc6 Qxc6 24. Qb3 c4 25. Qc2 Bc5 26. Rxd8+ Rxd8 27.
Qe2 Re8 28. Qc2 b5 29. axb5 axb5 30. b4 cxb3 31. Qxb3 b4 32. Be1 Qe6 33. Qb2
Qxe1 0-1

[Event "Varennes"]
[Site "Varennes CAN"]
[Date "2013.11.09"]
[Round "2"]
[White "Chiku-Ratte, Olivier-Kenta"]
[Black "Caire, Francois"]
[Result "1/2-1/2"]
[WhiteElo "2236"]
[BlackElo "2134"]
[PlyCount "86"]
[EventDate "2013.11.08"]
[EventType "swiss"]
[EventRounds "5"]
[EventCountry "CAN"]

1. d4 Nf6 2. c4 e5 3. dxe5 Ng4 4. Bf4 Nc6 5. Nf3 Bb4+ 6. Nbd2 Qe7 7. e3 Ngxe5
8. Nxe5 Nxe5 9. Be2 O-O 10. O-O Bxd2 11. Qxd2 d6 12. Qc3 b6 13. Rad1 Bb7 14.
Rd2 Rfe8 15. Rc1 a5 16. b3 Ng6 17. Bg3 Nh4 18. Bf1 Nf5 19. Bf4 g5 20. Bg3 Nxg3
21. hxg3 Qe5 22. Qc2 g4 23. Rd4 Qh5 24. Bd3 Re5 25. Rf4 Rg5 26. Be4 Bxe4 27.
Qxe4 Rf8 28. Qe7 Rg6 29. Re1 Rh6 30. Kf1 Qg6 31. e4 Rh1+ 32. Ke2 Rxe1+ 33. Kxe1
Qg7 34. Qf6 Qxf6 35. Rxf6 Kg7 36. Rf5 Kg6 37. Ke2 Re8 38. Ke3 h5 39. Kd4 c6 40.
a3 f6 41. b4 axb4 42. axb4 Re5 43. Rxe5 dxe5+ 1/2-1/2